Statistics for Countries that Beat a Random Country

Click here to take the quiz!

General Stats

  • This quiz has been taken 29,072 times
    (19,927 since last reset)
  • The average score is 12 of 16

Answer Stats

CountryRankCategoryCountries% Correct
Germany5Biggest producer of motor vehiclesChina | United States | Japan | India
99%
North Korea4Most mentioned enemy of the USA (2020)Russia | China | Iran
99%
South Africa8Most wild elephantsBotswana | Zimbabwe | Tanzania | India |
Kenya | Namibia | Zambia
98%
Mexico10Biggest coffee producer (2017)Brazil | Vietnam | Colombia | Indonesia | Honduras |
Ethiopia | India | Uganda | Peru
98%
New Zealand4Southernmost country
* Excluding islands of European countries
Chile | Argentina | Australia
98%
South Africa5Southernmost country
* Excluding European possesions
Chile | Argentina | Australia | New Zealand
98%
South Africa6Most populous African countryNigeria | Ethiopia | Egypt | D.R. Congo | Tanzania
98%
Austria4Most Winter Olympic medalsNorway | United States |
Germany-West Germany
98%
Egypt5Northernmost country in AfricaTunisia | Algeria | Morocco | Libya
98%
Ireland10European country with the highest
% of Catholics
Vatican City | San Marino | Malta | Andorra | Croatia |
Poland | Portugal | Italy | Monaco
98%
Italy6Longest border with FranceBrazil | Spain | Belgium | Switzerland | Suriname
97%
South Korea3Geographically closest to BeijingMongolia | North Korea
97%
Egypt3African countries with the most touristsMorocco | South Africa
97%
Italy2 (t)Most FIFA World Cup WinsBrazil
96%
Egypt6Country with the most muslimsIndonesia | Pakistan | India |
Bangladesh | Nigeria
96%
Mexico4Westernmost country on the mainlandRussia | United States | Canada
96%
Mexico2Longest border with the United StatesCanada
95%
Poland3Most populous Slavic countryRussia | Ukraine
95%
Mexico3Biggest Latin American country by areaBrazil | Argentina
94%
Italy5Most international visitorsFrance | Spain | United States | China
94%
Greece3Southernmost point on mainland Europe
* including territories
Spain | United Kingdom
94%
Ireland3Most guessed island country
on the Countries of the World Quiz
United Kingdom | Japan
94%
Switzerland5Most grand slam titles in tennis
(For both genders)
United States | Australia | Germany | Spain
94%
Italy5European country with the highest populationRussia | Germany | France | United Kingdom
93%
Germany4Most UEFA Champions League titlesSpain | United Kingdom | Italy
93%
Italy4Largest producer of cheeseUnited States | Germany | France
93%
Germany4 (t)Most other countries borderedChina | Russia | Brazil
92%
Switzerland3Highest mountain in the AlpsFrance | Italy
92%
Italy2Longest Mediterranean coastlineGreece
92%
Ireland2Westernmost country in Europe
* Excluding external territories
Iceland
92%
Switzerland7Most democratic country in EuropeNorway | Iceland | Sweden | Finland |
Ireland | Denmark
92%
Austria5European country with the highest pointRussia | France | Italy | Switzerland
92%
South Africa9Biggest country in Africa by areaAlgeria | D.R. Congo | Sudan | Libya |
Chad | Niger | Angola | Mali
91%
Greece5Country containing the most populous urban area
situated on the Mediterranean Sea
Egypt | Spain | Italy | Algeria
91%
Greece4Most populous country whose name begins with GGermany | Ghana | Guatemala
91%
New Zealand6Most confirmed shark attacks since 1580United States | Australia | South Africa | Brazil
91%
Egypt11 (t)Shortest country nameChad | Cuba | Fiji | Iran | Iraq | Laos |
Mali | Oman | Peru | Togo
90%
Ireland4Largest source of visitors to the U.K.France | United States | Germany
90%
Egypt2Most mentioned modern-day country in the KJV BibleIsrael
90%
Greece4Country containing the largest Mediterranean islandItaly | Cyprus | France
90%
Mexico6Most populous capital city by urban areaJapan | Indonesia | India | Philippines | South Korea
90%
Netherlands5Most populous country starting with NNigeria | Nepal | North Korea | Niger
90%
Germany2Most populous European countryRussia
90%
Greece5Greatest number of Orthodox ChristiansRussia | Ethiopia | Ukraine | Romania
90%
South Korea3Largest recipient of Chinese exportsUnited States | Japan
90%
North Korea3Best women's soccer team not in Europe
* By FIFA/Coca Cola World Rankings rank, Dec. 2023
United States | Japan
90%
Ireland5Country with the most Irish people (Source)United States | United Kingdom |
Canada | Australia
90%
Netherlands3Longest border with GermanyAustria | Czech Republic
89%
Switzerland9Largest European country not in the EURussia | Ukraine | Norway | United Kingdom | Belarus |
Iceland | Serbia | Bosnia and Herzegovina
89%
Ireland6Highest HDI country
* HDI measures health, education, and income
San Marino | Monaco | Norway |
Switzerland | Australia
89%
Egypt4Greatest amount of land in the Nile River BasinSudan | South Sudan | Ethiopia
89%
South Africa4 (t)Greatest number of oceans borderedCanada | Russia | United States
88%
Poland3Most civilian WWII deaths (Source)China | Soviet Union
88%
Greece4 (t)Country whose flag has the most stripesMalaysia | United States | Liberia
88%
Switzerland4Highest HDI
*HDI measures health, education, and income
San Marino | Monaco | Norway
88%
North Korea5Country recognized by the fewest other countries
* Among the 196 official JetPunk countries
Taiwan | Kosovo | Israel | China
88%
Germany4Most visited country by JetPunkersUnited States | United Kingdom | France
88%
Germany5Most visited country by U.S. presidentsFrance | United Kingdom | Canada | Mexico
87%
Italy2Southernmost country in Europe
*Not counting Cyprus and Turkey
Greece
87%
South Korea5Largest merchant navy in AsiaChina | Singapore | Cyprus | Japan
86%
South Korea2First Asian country to host the OlympicsJapan
86%
North Korea9Greatest combined population
in bordering countries
Myanmar | Pakistan | Bhutan | Nepal |
China | India | Afghanistan | Laos
86%
South Korea8Most democratic country not in EuropeNew Zealand | Canada | Australia | Uruguay |
Mauritius | Costa Rica | Chile
86%
Mexico5Hottest-ever recorded temperatureUnited States | Kuwait | Iraq | Iran | Pakistan
86%
Italy4Most populous country in the year 1 AD
*Modern-day countries
China | India | Turkey
85%
New Zealand6Largest country entirely on islandsIndonesia | Madagascar | Papua New Guinea |
Japan | Philippines
85%
Italy6 (t)Most islands with a population >1 millionIndonesia | Philippines | Japan | China |
United Kingdom
85%
Netherlands3Smallest EU founding member by areaLuxembourg | Belgium
85%
South Africa4African country with the longest coastlineMadagascar | Mozambique | Egypt
85%
Netherlands11Most democratic country (Source)Norway | Iceland | Sweden | New Zealand |
Finland | Ireland | Canada |
Denmark | Australia | Switzerland
85%
New Zealand4Country geographically closest to AustraliaPapua New Guinea | Indonesia | East Timor
85%
Greece5European country with the most
islands >10 km2 in size
Russia | Denmark | Norway |
United Kingdom
85%
Greece4Highest olive oil productionSpain | Morocco | Turkey
85%
Greece5Easternmost NATO memberTurkey | Finland | Norway | Romania
85%
Germany3Closest to LiechtensteinAustria | Switzerland
84%
Switzerland8Most Italian speakers other than ItalyBrazil | United States | France | Germany |
Romania | Argentina | United Kingdom
84%
Switzerland2Most miles of the Rhine RiverGermany
84%
New Zealand6Country with the highest point on an islandIndonesia | Papua New Guinea |
United States | Taiwan | Japan
84%
South Korea10Highest fish consumption per capitaMaldives | Iceland | Kiribati | Malaysia | Japan |
Seychelles | Myanmar | Nauru | Palau
84%
Greece9European country with the highest obesity rateMalta | United Kingdom | Hungary | Lithuania |
Czech Republic | Andorra | Ireland | Bulgaria
84%
Switzerland6Richest country in Europe
(GDP, PPP, 2020)
Monaco | Liechtenstein | Luxembourg | Ireland | Norway
84%
Egypt3Most populous African countryNigeria | Ethiopia
84%
Egypt9African country with the highest HDI
* HDI measures, health, education, and income
Seychelles | Mauritius | Algeria | Tunisia |
Botswana | Libya | Gabon | South Africa
84%
Poland9 (t)Country whose flag contains the most whiteCyprus | Japan | South Korea | Jordan | Israel |
Finland | Uruguay | Singapore
83%
Greece2European country with the southernmost capitalMalta
83%
Switzerland11Top per-person beef consuming countryUruguay | Argentina | United States | Brazil | Paraguay |
Australia | Canada | Kazakhstan | Israel
83%
South Africa8 (t)Most gold produced (2018)China | Australia | Russia | United States |
Canada | Peru | Indonesia
82%
Austria7 (t)Country with the most bordersChina | Russia | France | Brazil |
D.R. Congo | Germany
82%
Netherlands3 (t)Most wins at the Eurovision Song ContestIreland | Sweden
82%
South Korea3Most active US military personnel
(Other than the United States)
Japan | Germany
82%
North Korea4Easternmost point on the mainlandRussia | China | Australia
82%
Mexico5Richest country with a population >100 million
(GDP per capita, PPP, 2020)
United States | Japan | Russia | China
82%
Mexico2Most recent winner of a men's Olympic
gold medal in soccer
Brazil
81%
Germany4First European country to reach 5 million people
*Modern-day countries only
Italy | France | Spain
81%
South Korea3Biggest national capital by urban areaJapan | Indonesia | India | Philippines
81%
Italy4Country with the most Albanians
*Other than Albania
Kosovo | North Macedonia | Greece
81%
Germany2Most World War II military deathsSoviet Union
81%
Egypt7Country producing the most orangesBrazil | China | India | Mexico |
United States | Spain
80%
Egypt6 (t)African country with the most Men's FIFA
World Cup appearances
Cameroon | Nigeria | Morocco |
Tunisia | Algeria | Ghana
80%
Mexico4Largest country bordering fewer than 4 othersCanada | United States | Australia
80%
South Korea2Most olympic table tennis medalsChina
80%
South Korea4Highest HDI country in Asia
*HDI measures health, education, and income
Singapore | Japan | Israel
80%
South Korea6Asian country with the most
economic freedom (Source)
Singapore | Taiwan | Georgia |
United Arab Emirates | Malaysia
80%
Greece12Lowest fertility rateSingapore | Taiwan | South Korea |
Bosnia and Herzegovina | Poland | Romania |
Slovenia | Andorra | Croatia | Slovakia | Japan
80%
North Korea8Most corrupt country (Source)Somalia | South Sudan | Syria | Yemen |
Venezuela | Afghanistan | Sudan
80%
Ireland4Biggest European country without wolvesUnited Kingdom | Iceland | Austria
80%
New Zealand3 (t)Most times hosting or co-hosting the
Cricket World Cup through 2031
England | India
79%
Greece5European country whose flag has the most whiteFinland | Monaco | Poland | Malta
79%
South Korea2Whose capital has the largest economyJapan
79%
South Korea7Asian country with the highest % of ChristiansArmenia | East Timor | Philippines |
Georgia | Cyprus | Lebanon
78%
Switzerland3Most German speakers as a %
(other than Germany)
Austria | Liechtenstein
78%
South Africa2Greatest number of other countries whose
territory it completely surrounds
Italy
78%
Italy2 (t)Highest point in EuropeRussia
78%
North Korea2Country with the most main battle tanksRussia
78%
Mexico2Country with the most land that belonged
to the Spanish Empire
United States
78%
New Zealand3Most species of wild penguinsAustralia | Chile
77%
North Korea2Happiest country
(according to North Korea)
China
77%
North Korea7Least peaceful country in Asia (Source)Iraq | Syria | Yemen | Afghanistan |
Pakistan | Turkey
77%
Germany2Most FIFA Women's World Cup winsUnited States
77%
Mexico10Pineapple productionCosta Rica | Philippines | Brazil | Thailand | India |
Indonesia | Nigeria | China | Colombia
76%
Poland3Most populous country whose
name begins with P
Pakistan | Philippines
76%
North Korea8 (t)Asian country with the worst passport
* By number of countries you can visited with no visa
Afghanistan | Iraq | Syria | Pakistan |
Yemen | Iran
75%
Switzerland2Most olympic medals in alpine skiingAustria
75%
New Zealand5Easternmost point on landFiji | Russia | Tuvalu | United States
75%
Netherlands6Most FIFA World Cup appearances
without a title
Mexico | Belgium | Serbia | United States | Sweden | Switzerland |
Russia-Soviet Union
75%
South Africa3Most recent country to host a
men's FIFA World Cup
Qatar | Russia | Brazil
75%
Egypt5Country hosting the most Syrian refugeesTurkey | Lebanon | Jordan | Iraq
75%
North Korea7Poorest country
(GDP, PPP, 2020)
Burundi | Somalia | Central African Republic |
D.R. Congo | Liberia | Malawi
74%
Poland3Most populous European country not
using the Euro as its official currency
Russia | United Kingdom | Ukraine
74%
Netherlands8Highest population density among
countries with a population > 10 million
Bangladesh | Taiwan | South Korea |
Rwanda | Burundi | India | Haiti
73%
Mexico2Most venomous animal speciesBrazil
73%
Poland2European country whose capital is closest
alphabetically to the end of the alphabet
Croatia
73%
Egypt7Whose capital has the highest urban area populationJapan | Indonesia | Italy | Philippines |
South Korea | Mexico
73%
South Korea3 (t)Most FIFA World Cup appearances among countries not
in Europe or South America
Mexico | United States
73%
Netherlands6Densest road network (Source)Monaco | Malta | Belgium | Bahrain | Singapore
73%
Germany5First European capital alphabeticallyNetherlands | Andorra | Greece | Serbia
73%
South Africa2 (t)Most top 3 finishes in the Rugby World CupNew Zealand
73%
South Africa2Most people of Dutch ancestry
* Outside the Netherlands
United States
73%
Germany2Longest border with PolandCzech Republic
72%
Germany4Beer consumption per capitaCzech Republic | Namibia | Austria
72%
Germany2European country with the most Muslims
*Excluding Turkey
France
72%
Poland3Country with the shortest border with RussiaNorth Korea | Norway
72%
Austria5Best country to be born in (Source)Denmark | Switzerland | Finland |
Australia
71%
Mexico2Latin American country producing
the most gold
Peru
71%
Italy2Most wine production per capitaSpain
71%
New Zealand3Least populous country with the
Union Jack on its flag
Tuvalu | Fiji
71%
Italy4Greatest reduction in CO2 emissions since 2000United States | United Kingdom | Ukraine
71%
North Korea15Largest country less populous
than all bordering countries
Canada | Libya | Mongolia | Mauritania |
Botswana | Turkmenistan | Papua New Guinea |
Paraguay | Norway | Ecuador | Kyrgyzstan |
Uruguay | Suriname | Nepal
70%
North Korea2Least populous country with nuclear weaponsIsrael
70%
South Africa8Highest HDI country in Africa
* HDI measures health, education, and income
Seychelles | Mauritius | Algeria | Tunisia |
Botswana | Libya | Gabon
70%
New Zealand6Most rugby players per capitaTonga | Fiji | Samoa | Malta |
United Kingdom
70%
South Korea4Biggest economy
*Excluding countries with a population >100 mil
(GDP, PPP, 2020)
Germany | United Kingdom | France
69%
Austria4Closest country to the Adriatic Sea, but
not bordering it
San Marino | Kosovo | North Macedonia
69%
Mexico3Most murdersBrazil | India
68%
Switzerland6Most peaceful country not in the EUIceland | New Zealand | Canada | Singapore | Japan
67%
Austria4Most peaceful country (Source)Iceland | New Zealand | Portugal
67%
Mexico4Top sorghum-producing country (2008)United States | Nigeria | India
67%
North Korea8Most fragile country not in Africa (Source)Yemen | Syria | Afghanistan | Haiti |
Iraq | Myanmar | Pakistan
67%
Austria2Longest border with GermanyCzech Republic
66%
North Korea7Country containing the biggest urban area
beginning with the letter P
France | United States | India |
Brazil | Mexico | Haiti
66%
Ireland3Largest country without snakesNew Zealand | Iceland
66%
Austria7Northernmost landlocked countryBelarus | Kazakhstan |
Mongolia | Czech Republic |
Luxembourg | Slovakia
65%
Austria2Longest border with SloveniaCroatia
65%
Greece4Poorest country in the EU (2020, PPP)Bulgaria | Croatia | Romania
64%
Poland3Westernmost Warsaw Pact country
* Countries no longer exist
East Germany | Czechoslovakia
63%
Austria3Most downhill skiing by length of slopesUnited States | France
63%
Netherlands3Highest GDP per capita among
countries with a population > 10 million
United States | Taiwan
63%
Netherlands2Most bike-friendly capital city (Source)Denmark
62%
Switzerland2 (t)Most times hosting the Winter OlympicsFrance
62%
Poland2Biggest recipient of Czech exportsGermany
62%
Austria2Highest percentage of German speakersLiechtenstein
62%
Germany4Containing the most populous
urban area beginning with F
China | Brazil | Pakistan
61%
New Zealand3Largest producer of kiwifruitChina | Italy
61%
South Africa2Country with the most populous urban
area beginning with J
Indonesia
61%
Austria3Beer consumption per capitaCzech Republic | Namibia
60%
Ireland2Lowest all-time record high temperatureIceland
60%
Greece6Country producing the most figs (Source)Turkey | Egypt | Morocco | Iran | Algeria
59%
Austria10Most tourists per capitaVatican City | Andorra | Monaco | Iceland |
Palau | Malta | Bahamas | Croatia | Seychelles
59%
South Africa8Highest murder rateEl Salvador | Jamaica | Venezuela | Honduras |
Lesotho | Belize | St. Vincent and the Grenadines
58%
Ireland2Largest source of foreign-born
U.S. citizens in 1880
Germany
58%
Italy4Source of the most foreign-born French residentsAlgeria | Morocco | Portugal
57%
New Zealand2Most peaceful country (Source)Iceland
57%
Ireland7Country with the highest global HDI rank
improvement between 1990 and 2017
Iran | China | Singapore | Turkey |
Thailand | Algeria
57%
Italy2Smallest G7 country by areaUnited Kingdom
57%
Austria2Capital city had the most opera
preformances in the 2015-16 season
Russia
56%
Poland3Country with the biggest urban area
beginning with the letter W
United States | China
56%
Mexico2Most populous urban area beginning with GChina
55%
New Zealand8Country whose flag has the most blueF. S. Micronesia | Kazakhstan | Nauru |
Somalia | Kosovo | St. Lucia | Palau
55%
Poland5Lowest fertility rateSingapore | Taiwan | South Korea |
Bosnia and Herzegovina
55%
Ireland5Highest cow to person ratioUruguay | Paraguay | New Zealand | Chad
55%
New Zealand2Country with the most Australian touristsChina
53%
Italy3Most neighbors within 100 kilometersChina | Russia
53%
Austria8Highest tax rate as a percent of GDPLesotho | Denmark | France | Belgium |
Sweden | Finland | Italy
53%
Poland3Lowest population growth rate
(Excluding countries with a population < 20 million)
Ukraine | Japan
53%
Switzerland2Country sending the most tourists to GermanyNetherlands
52%
South Korea2Most overnight visitors to ChinaTaiwan
52%
Netherlands3Most populous country ending in
"land" or "lands"
Thailand | Poland
52%
Egypt3Least forested country as a percent
* Excluding micronations
Qatar | Oman
51%
Netherlands4Most cheese produced per capita (2014)New Zealand | Denmark | Czech Republic
50%
New Zealand2Country with the most sheep per capitaMongolia
48%
North Korea5Least Christian country that is not majority MuslimNepal | Bhutan | Cambodia | Thailand
48%
Ireland2Highest beer production per capitaCzech Republic
47%
Netherlands3Owner of the southernmost Caribbean island
over 100km2
Trinidad and Tobago | Venezuela
47%
Switzerland2Best country to be born in (Source)Denmark
46%
Ireland9That shares its name with the most
babies born in the U.S. in 2016
Jordan | Israel | Georgia | Malaysia | Egypt |
Kenya | Chad | India
46%
Egypt4 (t)Country whose flag has the most blackLibya | Papua New Guinea | Angola
46%
Poland2Most common country of origin of
foreign-born German residents
Turkey
46%
Austria11Most exports per capitaLiechtenstein | Singapore | Qatar | Switzerland |
United Arab Emirates | Belgium | Netherlands |
Kuwait | Ireland | Norway
45%
Netherlands6Most exports per capitaLiechtenstein | Singapore | Belgium |
Switzerland | Ireland
44%
Poland2Most populous country ending in -LANDThailand
44%
Germany2EU country with the highest HDIIreland
43%
South Africa16Highest income inequality between the
richest 10% and poorest 10%
Namibia | Bolivia | Sierra Leone |
Central African Republic | Colombia | Honduras |
Haiti | Panama | Niger | Botswana | Lesotho |
Paraguay | El Salvador | Ecuador | Guatemala
43%
Egypt3Most violent persecution of Christians,
according to Christianity Today
Pakistan | Nigeria
43%
Ireland2Smallest country by area beginning with IIsrael
41%
Ireland3 (t)Whose flag has the most orangeBhutan | Niger
38%
Netherlands2Capital city with the lowest elevation
Hint: #1 is on an inland sea
Azerbaijan
36%
Netherlands2Most land reclaimed from the seaChina
35%
Egypt2African country producing the most sugarcaneSouth Africa
35%
Poland2Largest producer of ryeGermany
33%
Poland6Highest rate of deurbanization (2015-2020)Latvia | Samoa | Ukraine | Lithuania | Andorra
33%
Greece2Highest national debt to GDP ratio (2017)Japan
32%
South Africa3Most official languagesBolivia | Zimbabwe
30%
Switzerland2 (t)Least business corruption (BPI)Japan
24%
New Zealand2Country with the most cows per capitaUruguay
24%

Score Distribution

Percentile by Number Answered

Percent of People with Each Score

Your Score History

You have not taken this quiz since the last reset